Statistics for Countries of North America

Click here to take the quiz!

General Stats

  • This quiz has been taken 11 times
  • The average score is 21 of 23

Answer Stats

Answer% Correct
United States
100%
Honduras
100%
Canada
100%
Costa Rica
100%
Cuba
100%
Dominica
100%
Dominican Republic
100%
Jamaica
100%
Haiti
100%
Trinidad and Tobago
91%
Saint Kitts and Nevis
91%
Panama
91%
Mexico
91%
Guatemala
91%
Bahamas
91%
Belize
91%
Barbados
91%
Grenada
82%
Nicaragua
82%
El Salvador
82%
Saint Lucia
82%
Antigua and Barbuda
82%
Saint Vincent and the Grenadines
73%

Score Distribution

Percentile by Number Answered

Percent of People with Each Score

Your Score History

You have not taken this quiz